Hauptstätde Asiens - Statistiken

Allgemein
  • Dieses Quiz wurde 61 mal gespielt
    22 seit der letzten Aktualisierung
  • Das Durchschnittsergebnis liegt bei 18 aus 37
Answers on the Grid
Answers color-coded by a green-red scale on the quiz's grid according to % correct below.
Abu dhabi
Aleppo
Amman
Aschgabad
Bagdad
Bandar Seri Begawan
Bankok
Beirut
Bischkek
Chittagong
Damaskus
Davao City
Dhaka
Dili
Doha
Dschidda
Dubai
Duschanbe
Haifa
Hanoi
Ho Chi Minh Stadt
Islamabad
Kabul
Kairo
Kalkutta
Karatschi
Kathmandu
Kuala Lumpur
Kuwait
Lahore
Male
Manama
Manila
Maskat
Mekka
Mumbai
Nagoya
Naypyidaw
Neu Dehli
Novosibirsk
Osaka
Peking
Pjöngjang
Pnom Penh
Rangun
Riad
Sanaa
Seoul
Shanghai
Taschkent
Teheran
Thimphu
Tokio
Ulaanbaartar
Vientiane
 
Antwortstatistiken
Antwort % Korrekt
Bagdad
75%
Bankok
75%
Dhaka
75%
Abu dhabi
69%
Bandar Seri Begawan
63%
Beirut
63%
Doha
63%
Amman
56%
Aschgabad
56%
Bischkek
56%
Dili
56%
Hanoi
56%
Kabul
56%
Damaskus
50%
Duschanbe
44%
Islamabad
44%
Kathmandu
44%
Manila
44%
Maskat
44%
Peking
44%
Riad
44%
Tokio
44%
Kuala Lumpur
38%
Kuwait
38%
Male
38%
Manama
38%
Naypyidaw
38%
Neu Dehli
38%
Pjöngjang
38%
Pnom Penh
38%
Sanaa
38%
Seoul
38%
Taschkent
38%
Teheran
38%
Ulaanbaartar
38%
Vientiane
38%
Thimphu
31%
Keine übereinstimmenden Quizze gefunden
Verteilung der Resultate
Anzahl Personen mit jedem Resultat
Perzentil nach korrekt beantworteten Fragen
Ihre Resultats-Entwicklung
Sie haben dieses Quiz seit der letzten Aktualisierung nicht gespielt